000 00600nam a22002177a 4500
003 UA-OsUOA
001 127194
007 ta
008 20171121b un ||||| |||| 00| 0 ukr d
090 _a821.161.1
_bС56
942 _cBK
040 _aUA-OsUOA
_brus
_cUA-OsUOA
_dUA-OsUOA
245 _aСовременная американская новелла 60-ые годы
300 _a423 с.
955 _a3
041 _arus
080 _a821.161.1
260 _aМ.
_bПрогресс
_c1971
650 7 _a82 Література. Літературознавство
_2UDC
999 _c414336
_d414336